000 00699nam a22002417a 4500
005 20170124110108.0
010 _a735493
020 _c00.00
_a0285620878
035 _a735493
037 _bCen Lib/Ret
040 _aDPL
_bEN
082 _aN
_bDAN
100 _aDaniken, Erich Von
_928479
245 _aThe gold of the gods /
_cby Erich Von Daniken; translated by Michael Heron
260 _aLondon
_bSouvenir Press
_c1973
270 _bLondon
300 _a210p.
_c21cm(Hb)
500 _aIncludes bibliographical references and index
650 _aEnglish literature
_9104332
650 _aEnglish novel
_914422
700 _aHeron, Michael
_9104333
942 _2ddc
_cEN
_hN
_mDAN
999 _c130163
_d130163